[Event "Voronezh op-B 22nd"]
[Site "Voronezh"]
[Date "2018.06.19"]
[Round "8"]
[White "Neklyudov, Taras"]
[Black "Pikalova, Sofya"]
[Result "1-0"]
[WhiteElo "1876"]
[BlackElo "1739"]
[PlyCount "63"]
[EventDate "2018.06.12"]
[EventType "swiss"]
[EventRounds "9"]
[EventCountry "RUS"]
[SourceTitle "CBM 185 Extra"]
[Source "ChessBase"]
[SourceDate "2018.07.29"]
[SourceVersion "1"]
[SourceVersionDate "2018.07.29"]
[SourceQuality "1"]

1. e4 c5 2. Nf3 d6 3. Bb5+ Nd7 4. d4 cxd4 5. Qxd4 a6 6. Bxd7+ Bxd7 7. Nc3 Nf6 8. Bg5 e5 9. Qd3 Bc6 10. 0-0-0 b5 11. a3 Qa5 12. Kb1 Rb8 13. Bxf6 gxf6 14. Nd5 Bxd5 15. Qxd5 Qb6 16. Rd2 a5 17. Nh4 a4 18. c3 Rg8 19. g3 Bh6 20. Rd3 Rd8 21. Nf5 Bf8 22. Rhd1 Be7 23. f4 exf4 24. gxf4 Rg1 25. Rxg1 Qxg1+ 26. Rd1 Qxh2 27. Qxb5+ Kf8 28. Qb7 Re8 29. Qd5 Qxf4 30. Rh1 Qe5 31. Rxh7 Kg8 32. Qxf7# 1-0

[Event "Moscow op-B (Women) 13th"]
[Site "Moscow"]
[Date "2017.01.31"]
[Round "4"]
[White "Pikalova, Sofya"]
[Black "Ustich, Ekaterina"]
[Result "0-1"]
[WhiteElo "1804"]
[BlackElo "2004"]
[PlyCount "78"]
[EventDate "2017.01.28"]
[EventType "swiss"]
[EventRounds "9"]
[EventCountry "RUS"]
[SourceTitle "EXT 2018"]
[Source "ChessBase"]
[SourceDate "2017.10.13"]
[SourceVersion "1"]
[SourceVersionDate "2017.10.13"]
[SourceQuality "1"]

1. e4 c6 2. Nc3 d5 3. Nf3 Bg4 4. h3 Bxf3 5. Qxf3 e6 6. exd5 exd5 7. d4 Nf6 8. Bg5 Be7 9. 0-0-0 0-0 10. Bd3 Nbd7 11. g4 b5 12. h4 a5 13. Bxf6 Bxf6 14. g5 Be7 15. Qf5 g6 16. Qh3 Re8 17. f4 Nf8 18. h5 Bd6 19. Rdf1 Qe7 20. hxg6 fxg6 21. f5 Qxg5+ 22. Kb1 Re3 23. Qh6 Qxh6 24. Rxh6 Kg7 25. Rfh1 Rae8 26. fxg6 hxg6 27. R6h4 Bg3 28. Rh6 Re1+ 29. Nd1 Rxh1 30. Rxh1 Re1 31. Rxe1 Bxe1 32. b3 Kf6 33. c4 bxc4 34. bxc4 Ne6 35. cxd5 cxd5 36. Ne3 Nf4 37. Ba6 Bc3 38. Bb7 Ke6 39. Nc2 Kf5 0-1

[Event "Voronezh op-B 19th"]
[Site "Voronezh"]
[Date "2015.06.18"]
[Round "6"]
[White "Gagarin, Sergey"]
[Black "Pikalova, Sofya"]
[Result "1-0"]
[WhiteElo "2014"]
[BlackElo "1704"]
[PlyCount "41"]
[EventDate "2015.06.12"]
[EventType "swiss"]
[EventRounds "9"]
[EventCountry "RUS"]
[SourceTitle "CBM 167 Extra"]
[Source "ChessBase"]
[SourceDate "2015.09.14"]
[SourceVersion "1"]
[SourceVersionDate "2015.09.14"]
[SourceQuality "1"]

1. e4 e6 2. d4 d5 3. Nd2 Nf6 4. e5 Nfd7 5. Bd3 c5 6. c3 Nc6 7. Ne2 Qb6 8. Nf3 Be7 9. 0-0 0-0 10. Nf4 Re8 11. Re1 cxd4 12. cxd4 Bd8 13. Bb1 f6 14. exf6 Nxf6 15. Ng5 Nxd4 16. Be3 e5 17. Bxd4 Qxd4 18. Qxd4 exd4 19. Rxe8+ Nxe8 20. Bxh7+ Kh8 21. Ng6# 1-0

[Event "Voronezh op-B 19th"]
[Site "Voronezh"]
[Date "2015.06.15"]
[Round "4"]
[White "Berezhnaya, Veronika"]
[Black "Pikalova, Sofya"]
[Result "1-0"]
[WhiteElo "1862"]
[BlackElo "1704"]
[PlyCount "66"]
[EventDate "2015.06.12"]
[EventType "swiss"]
[EventRounds "9"]
[EventCountry "RUS"]
[SourceTitle "CBM 167 Extra"]
[Source "ChessBase"]
[SourceDate "2015.09.14"]
[SourceVersion "1"]
[SourceVersionDate "2015.09.14"]
[SourceQuality "1"]

1. d4 d5 2. Nf3 Nf6 3. g3 c6 4. Bg2 Bf5 5. 0-0 e6 6. Nbd2 Nbd7 7. Nb3 Bd6 8. Bg5 h6 9. Bxf6 Qxf6 10. Re1 Qg6 11. c3 h5 12. Nh4 Qh7 13. Nxf5 exf5 14. Nd2 h4 15. c4 hxg3 16. hxg3 dxc4 17. e4 0-0-0 18. Qa4 Bb8 19. Nxc4 Nf6 20. exf5 Qxf5 21. Bxc6 Nd5 22. Rac1 bxc6 23. Qxc6+ Nc7 24. Re7 Rh1+ 25. Kxh1 Qd5+ 26. Qxd5 Rxd5 27. Rxf7 Rxd4 28. Rf8+ Rd8 29. Rf7 g5 30. Kg2 g4 31. Rg7 Rd4 32. Rg8+ Rd8 33. Rxg4 a6 1-0